Hotel d'Alsace e altri due indirizzi /

Gespeichert in:
Bibliographische Detailangaben
1. Verfasser: Brandys, Kazimierz (Verfasst von)
Weitere Verfasser: Tomassucci, Giovanna
Format: Buch
Sprache:Italienisch
Veröffentlicht: Roma : edizioni e/o, c1991,
Tags: Tag hinzufügen
Keine Tags, Fügen Sie das erste Tag hinzu!

MARC

LEADER 00000nam a22000007i 4500
001 IT\ICCU\TO0\0106596
003 ItRI
005 20231215004017.0
008 930513s1991 it |||||| ||||| |||||c
020 |a 8876411283 
040 |b ita  |c C 
041 7 |a ita  |2 ISO-639-2 
100 1 |a Brandys, Kazimierz  |0 IT\ICCU\CFIV\012562  |4 aut 
240 1 0 |a Charaktery i pisma. -  |9 Brandys, Kazimierz 
245 1 0 |a Hotel d'Alsace e altri due indirizzi /  |c Kazimierz Brandys ; traduzione dal polacco di Giovanna Tomassucci. 
260 |a Roma :  |b edizioni e/o,  |c c1991,  |g (stampa 1992) 
300 |a 127 p. ;  |c 21 cm 
700 1 |a Tomassucci, Giovanna  |0 IT\ICCU\CFIV\012563 
942 |2 ddc  |c BK 
952 |0 0  |1 0  |2 ddc  |4 0  |6 891_853700000000000_BRA_HOT  |7 1  |9 408  |a GE  |b GE  |d 2023-11-20  |l 0  |o 891.8537 BRA HOT  |p 4101  |r 2023-12-15 00:40:49  |w 2023-12-15  |y BK 
981 1 |6 z01  |a i   |b xxxe  
982 1 |6 z01  |a n 
999 |c 312  |d 312